| 000 | 00867nam a2200205 i 4500 | ||
|---|---|---|---|
| 001 | bg | ||
| 245 | 0 |
_aPrawno-ekonomiczne podstawy przekształceń własnościowych polskiej gospodarki. _nCz.4, _pNowe instytucje prawne w sferze socjalnej / _cMiędzyresortowy Zespół do Spraw Koordynacji Wdrażania Programu Prywatyzacji. |
|
| 260 |
_aWarszawa, _c1993. |
||
| 300 |
_a23 s. ; _c20 cm. |
||
| 650 | 9 |
_aOpieka społeczna _xprawo _zPolska _yod 1989 r. |
|
| 650 | 9 |
_aUbezpieczenia społeczne _xprawo _zPolska _ystan na 1989 r. |
|
| 710 | _aMinisterstwo Pracy i Polityki Socjalnej | ||
| 710 | _aMinisterstwo Przekształceń Własnościowych | ||
| 710 | _aMiędzynarodowa Fundacja Rozwoju Rynku Kapitałowego i Przekształceń Własnościowych | ||
| 040 | _cBPK | ||
| 041 | _apl | ||
| 080 | _a346:331.34](438) | ||
| 942 | _cKS | ||
| 008 | s pl f |000 0 pol | ||
| 999 |
_c35319 _d35319 |
||
| 856 |
_uhttp://koha.tu.koszalin.pl/cgi-bin/koha/opac-detail.pl?biblionumber=35319 _yKatalog online BPK |
||